000 01328nam a2200373 a 4500
003 AR-BaBNM
005 20251128205251.0
008 082120s2002 ||||||||||||||000 | spa||
020 _a84-323-0872-2
040 _cAR-BaBNM
100 1 _aFernández Pérez, Miguel
245 0 0 _aLa profesionalización del docente
_bperfeccionamiento, investigación en el aula, análisis de la práctica
250 _a2ª ed. aum. y corr.
260 _aMadrid
_bSiglo Veintiuno
_c1995
300 _axi, 243 p.
_btablas
490 0 _aManuales. Educación
500 _aSIPPE: SISTEMA INTEGRADO PARA EL PERFECCIONAMIENTO DEL PROFESORADO EN EJERCICIO
504 _aBibliografía: p. 201-212
504 _aEn el epílogo a la segunda edición contiene un apartado en el que se amplía la bibliografía correspondiente a la primera edición: p. 237-243
610 2 4 _aSIPPE
650 4 _aPERFIL PROFESIONAL DEL DOCENTE
650 4 _aDESARROLLO PROFESIONAL
650 4 _aFORMACION DE DOCENTES
650 4 _aCALIDAD DE LA EDUCACION
650 4 _aOBJETIVOS EDUCACIONALES
650 4 _aPRACTICA DOCENTE
650 4 _aMATERIAL ELABORADO POR EL DOCENTE
650 4 _aINVESTIGACION EN LA CLASE
650 4 _aFORMACION DE DOCENTES
651 4 _aEspaña
653 _aINVESTIGACION EDUCATIVA
942 _cBK
998 _csilvi
999 _c10666
_d10666